<?xml version="1.0" encoding="UTF-8"?><?xml-stylesheet type="text/xsl" href="static/style.xsl"?><OAI-PMH xmlns="http://www.openarchives.org/OAI/2.0/" xmlns:xsi="http://www.w3.org/2001/XMLSchema-instance" xsi:schemaLocation="http://www.openarchives.org/OAI/2.0/ http://www.openarchives.org/OAI/2.0/OAI-PMH.xsd"><responseDate>2026-04-13T06:56:03Z</responseDate><request verb="GetRecord" identifier="oai:www.recercat.cat:2117/386232" metadataPrefix="marc">https://recercat.cat/oai/request</request><GetRecord><record><header><identifier>oai:recercat.cat:2117/386232</identifier><datestamp>2026-02-07T02:22:46Z</datestamp><setSpec>com_2072_1033</setSpec><setSpec>col_2072_452950</setSpec></header><metadata><record xmlns="http://www.loc.gov/MARC21/slim" xmlns:dcterms="http://purl.org/dc/terms/" xmlns:xsi="http://www.w3.org/2001/XMLSchema-instance" xmlns:doc="http://www.lyncode.com/xoai" xsi:schemaLocation="http://www.loc.gov/MARC21/slim http://www.loc.gov/standards/marcxml/schema/MARC21slim.xsd">
   <leader>00925njm 22002777a 4500</leader>
   <datafield ind2=" " ind1=" " tag="042">
      <subfield code="a">dc</subfield>
   </datafield>
   <datafield ind2=" " ind1=" " tag="720">
      <subfield code="a">Zhao, Jiaojiao</subfield>
      <subfield code="e">author</subfield>
   </datafield>
   <datafield ind2=" " ind1=" " tag="720">
      <subfield code="a">Hernández Pajares, Manuel</subfield>
      <subfield code="e">author</subfield>
   </datafield>
   <datafield ind2=" " ind1=" " tag="720">
      <subfield code="a">Li, Zishen</subfield>
      <subfield code="e">author</subfield>
   </datafield>
   <datafield ind2=" " ind1=" " tag="720">
      <subfield code="a">Wang, Liang</subfield>
      <subfield code="e">author</subfield>
   </datafield>
   <datafield ind2=" " ind1=" " tag="720">
      <subfield code="a">Yuan, Hong</subfield>
      <subfield code="e">author</subfield>
   </datafield>
   <datafield ind2=" " ind1=" " tag="260">
      <subfield code="c">2020-06-08</subfield>
   </datafield>
   <datafield ind2=" " ind1=" " tag="520">
      <subfield code="a">The version of record is available online at: http://dx.doi.org/10.1007/s10291-020-00993-0</subfield>
   </datafield>
   <datafield ind2=" " ind1=" " tag="520">
      <subfield code="a">Carrier phase cycle slips can be an important source of error in precise Global Navigation Satellite System (GNSS) positioning. In such cases, cycle slips can seriously compromise the positioning accuracy and reliability, especially for singlefrequency receivers, which do not provide simultaneous measurements at diferent frequencies to generate efective linear combinations for cycle slip detection. We introduce a high-rate Doppler-aided cycle slips detection and repair (DACS-DR) method to detect and repair cycle slips in single-frequency low-cost GNSS receivers, which beneft from the availability of high-rate Doppler measurements. The distributions of the residuals of the time-diferenced carrier phase minus the carrier phase change derived from Doppler observations are analyzed systematically under diferent sampling rates. A comparison is further performed between the low-cost and high-end receivers. Considering that the loss of lock indicator (LLI) output by receivers can also refect the condition of cycle slips, the reliability of the LLI is also discussed based on our experimental receiver. Based on these analyses, the DACS-DR method is used in a foat-PPP experiment with a data set collected under a difcult situation: a high-latitude urban canyon (Akureyry, northern Iceland, Dec. 2017) with intense ionospheric scintillation. The results demonstrate that the convergence time, positioning errors, and the number of re-convergence events are all signifcantly reduced with the proposed method. Furthermore, the RMS values of the positioning errors in the horizontal and vertical directions are improved by 44.2% and 21.2%, respectively.</subfield>
   </datafield>
   <datafield ind2=" " ind1=" " tag="520">
      <subfield code="a">Peer Reviewed</subfield>
   </datafield>
   <datafield ind2=" " ind1=" " tag="520">
      <subfield code="a">Postprint (published version)</subfield>
   </datafield>
   <datafield tag="653" ind2=" " ind1=" ">
      <subfield code="a">Àrees temàtiques de la UPC::Matemàtiques i estadística::Matemàtica aplicada a les ciències</subfield>
   </datafield>
   <datafield tag="653" ind2=" " ind1=" ">
      <subfield code="a">Geophysics</subfield>
   </datafield>
   <datafield tag="653" ind2=" " ind1=" ">
      <subfield code="a">Cycle slip detection and repair</subfield>
   </datafield>
   <datafield tag="653" ind2=" " ind1=" ">
      <subfield code="a">Low-cost single-frequency GNSS receiver</subfield>
   </datafield>
   <datafield tag="653" ind2=" " ind1=" ">
      <subfield code="a">High-rate GNSS data</subfield>
   </datafield>
   <datafield tag="653" ind2=" " ind1=" ">
      <subfield code="a">Doppleraided</subfield>
   </datafield>
   <datafield tag="653" ind2=" " ind1=" ">
      <subfield code="a">Geofísica</subfield>
   </datafield>
   <datafield tag="653" ind2=" " ind1=" ">
      <subfield code="a">Classificació AMS::86 Geophysics</subfield>
   </datafield>
   <datafield ind2="0" ind1="0" tag="245">
      <subfield code="a">High-rate Doppler-aided cycle slip detection and repair method for low-cost single-frequency receivers</subfield>
   </datafield>
</record></metadata></record></GetRecord></OAI-PMH>